| 000 | 00566nam a2200181 a 4500 | ||
|---|---|---|---|
| 001 | 000022493 | ||
| 005 | 20200930021635.0 | ||
| 008 | 101012s1999 dr a 000 0 spa d | ||
| 020 | _a8484003000 | ||
| 040 |
_aDO-SdBNP _bspa _cBNPHU |
||
| 082 |
_axxx _bP798i |
||
| 100 | 1 |
_aPons, Nelson _946340 |
|
| 245 | 1 | 3 |
_aLa influencia de la luna : _buna investigación científica realizada en la República Dominicana / _cNelson Pons. |
| 260 |
_aSanto Domingo : _bTaller, _c1999. |
||
| 300 |
_a114 p. : _bil. ; _c23 cm. |
||
| 504 | _aBibliografías p. 113-114 | ||
| 049 | _aBNPD | ||
| 999 |
_c21991 _d21991 |
||